Guess the Simpsons characters - Statistics

General Stats
  • This quiz has been taken 27 times
    26 since last reset
  • The average score is 14 of 24
Answer Stats
Picture Answer % Correct
Bart Simpson
100%
Willie MacMoran
78%
Homer Simpson
72%
Lisa Simpson
72%
Marge Simpson
72%
Krusty
67%
Milhouse Van Houten
67%
Moe Szyslak
67%
Ned Flanders
67%
Apu Nahasapeemapetilon
61%
Carl Carson
61%
Maggie Simpson
61%
Mr. Burns
61%
Nelson Muntz
61%
Patty Bouvier
61%
Seymour Skinner
61%
Sideshow Bob
61%
Ralph Wiggum
56%
Selma Bouvier
56%
Edna Krabappel
50%
Marion Anthony D'Amico
50%
Lou
33%
Maude Flanders
33%
Lionel Hutz
6%
No matching quizzes found
Score Distribution
Percent of People with Each Score
Percentile by Number Answered
Your Score History
You have not taken this quiz since the last reset